Microsoft 5.0. Macro assembler for the MS-DOS operating system : Programmer's guide
Guardado en:
| Formato: | Libro |
|---|---|
| Lenguaje: | inglés |
| Publicado: |
B.m. :
Microsoft Corporation,
1987
|
| Etiquetas: |
Sin Etiquetas, Sea el primero en etiquetar este registro!
|
MARC
| LEADER | 00000nam a22000003a 4500 | ||
|---|---|---|---|
| 001 | stu2277 | ||
| 005 | 20150408175035.8 | ||
| 008 | 920904s1987----xx------------------eng-d | ||
| 040 | |a STU |b slo | ||
| 041 | 0 | |a eng | |
| 044 | |a xx | ||
| 080 | |a 681.32.066 | ||
| 080 | |a Macro Assembler | ||
| 080 | |a 519.68 | ||
| 245 | |a Microsoft 5.0. Macro assembler for the MS-DOS operating system : |b Programmer's guide | ||
| 260 | |a B.m. : |b Microsoft Corporation, |c 1987 | ||
| 300 | |a 467 s | ||
| 996 | |b E70475 |c I*70475 |l II680 |s A |a 24 |w stu2277_0001 | ||